|
|
|
|
| LEADER |
00000cam a22000004a 4500 |
| 001 |
musev2_74270 |
| 003 |
MdBmJHUP |
| 005 |
20230905051708.0 |
| 006 |
m o d |
| 007 |
cr||||||||nn|n |
| 008 |
100802s2000 mx o 00 0 spa d |
| 020 |
|
|
|a 9786075641164
|
| 020 |
|
|
|z 9789681209858
|
| 035 |
|
|
|a (OCoLC)652386235
|
| 040 |
|
|
|a MdBmJHUP
|c MdBmJHUP
|
| 041 |
1 |
|
|a spa
|h eng
|
| 100 |
1 |
|
|a Urzúa, Carlos M.
|q (Carlos Manuel)
|
| 245 |
1 |
0 |
|a Medio siglo de relaciones entre el Banco Mundial y México :
|b una reseña desde el trópico /
|c Carlos M. Urzúa.
|
| 250 |
|
|
|a 1. ed.
|
| 264 |
|
1 |
|a Mexico, D.F. :
|b Colegio de Mexico, Centro de Estudios Económicos,
|c 2000.
|
| 264 |
|
3 |
|a Baltimore, Md. :
|b Project MUSE,
|c 2020
|
| 264 |
|
4 |
|c ©2000.
|
| 300 |
|
|
|a 1 online resource.
|
| 336 |
|
|
|a text
|b txt
|2 rdacontent
|
| 337 |
|
|
|a computer
|b c
|2 rdamedia
|
| 338 |
|
|
|a online resource
|b cr
|2 rdacarrier
|
| 490 |
0 |
|
|a Jornadas ;
|v 132
|
| 506 |
0 |
|
|a Open Access
|f Unrestricted online access
|2 star
|
| 588 |
|
|
|a Description based on print version record.
|
| 610 |
2 |
7 |
|a World Bank.
|2 fast
|0 (OCoLC)fst00531892
|
| 610 |
2 |
0 |
|a World Bank
|z Mexico.
|
| 651 |
|
7 |
|a Mexico.
|2 fast
|0 (OCoLC)fst01211700
|
| 651 |
|
0 |
|a Mexico
|x Foreign economic relations.
|
| 650 |
|
7 |
|a International economic relations.
|2 fast
|0 (OCoLC)fst00976891
|
| 650 |
|
7 |
|a Economic assistance.
|2 fast
|0 (OCoLC)fst00901592
|
| 650 |
|
7 |
|a BUSINESS & ECONOMICS
|x Banks & Banking.
|2 bisacsh
|
| 650 |
|
6 |
|a Aide economique
|z Mexique
|x Histoire
|y 20e siecle.
|
| 650 |
|
0 |
|a Economic assistance
|z Mexico
|x History
|y 20th century.
|
| 655 |
|
7 |
|a History.
|2 fast
|0 (OCoLC)fst01411628
|
| 655 |
|
7 |
|a Electronic books.
|2 local
|
| 700 |
1 |
|
|a Kapur, Devesh,
|d 1959-
|t World Bank.
|
| 710 |
2 |
|
|a Project Muse.
|e distributor
|
| 830 |
|
0 |
|a Book collections on Project MUSE.
|
| 856 |
4 |
0 |
|z Texto completo
|u https://projectmuse.uam.elogim.com/book/74270/
|